ACM Computing Reviews
Saved in:
| Format: | Serial |
|---|---|
| Published: |
1995
|
| Tags: |
No Tags, Be the first to tag this record!
|
MARC
| LEADER | 00000nas a22000003a 4500 | ||
|---|---|---|---|
| 001 | stu63977 | ||
| 005 | 20141122004912.7 | ||
| 008 | 011106s1995----------------------------d | ||
| 040 | |a STU |b slo | ||
| 041 | 0 | ||
| 245 | |a ACM Computing Reviews | ||
| 260 | |c 1995 | ||
| 500 | |a 1-12 | ||
| 500 | |a 12 | ||
| 773 | 0 | |t ACM Computing Reviews : |w stu_us_cat*stu59590 |x 0010-4884 |7 nnas | |
| 996 | |d Vol. 36, 1995 |v Vol. 36 |y 1995 |l EE0103 |s A |a 24 |w stu63977_0001 | ||